000 01697nam1a2200361 i 4500
001 RU\NLR\bibl\29086
005 20260406134446.0
035 _a(NLR Aleph) 000028343
090 _a139403
_c139403
100 _a19990521g19999999e y0rusy50 ca
101 0 _arus
102 _aRU
105 _a|||||||||||||
200 1 _aРабочая тетрадь (с поурочным распределением материала)
_eДля 7-9 кл. общеобразоват. шк.
_eК учеб. изд. Happy English 2
_fК.И. Кауфман, М.Ю. Кауфман
210 _aОбнинск
_cТитул
_d1999
215 _d28
300 _aНа обл. авт. не указаны
463 0 _100127551
463 0 _100127554
463 0 _100127547
606 0 _aАнглийский язык
_xУроки
_xПланы
_92080877
_3RU\NLR\auth\661256829
606 0 _aАнглийский язык
_jРабочие тетради для средней школы
_9972309
_3RU\NLR\auth\6646032
686 _aЧ426.179Ан.2(2)-215
686 _aШ143.21-93рус21[7/9]
700 1 _4070
_8rus
_7ca
_aКауфман
_bК. И.
_gКлара Исааковна
_3RU\NLR\auth\772241
_9112257
701 1 _4070
_8rus
_7ca
_aКауфман
_bМ.Ю.
_gМарианна Юрьевна
_3RU\NLR\AUTH\7725689
_98735
801 0 _aRU
_bNLR
_c19990521
_gPSBO
801 1 _aRU
_bNLR
_c19990521
830 _aАвт. по кн.
852 _aNLR
_j99-8/514
942 _cBOOK